000 00717nam a22002057a 4500
005 20180717155211.0
010 _aENG-123488
020 _a9788184247374
_c400.00
035 _aEN-107020
037 _bDBAD/PUB.
082 _a620.11
245 _aProceedings of national seminar on nanomaterialas and their applications (Nabinat-2011) :
_ced. by J.Manam; S.K. Sharma [and] A.K. Kar
_bFebruary 10-11, 2011 /
260 _aNew Delhi
_bAllied Publishers Private
_c2011
270 _a1/13-14 Asaf Ali Road ,
_bNew Delhi
_e110002
300 _ax,236p.
_c24cm(Hb)
_bill.
500 _aIt include author index
700 _aSharma, S.K.
700 _a Kar, A.K.
942 _2ddc
_cEN
_h620.11
_mPRO
999 _c154204
_d154204